[Event "K41 Aabent Mesterskab 2010-2011"]
[Site "Valby"]
[Date "2010.11.03"]
[Round "1"]
[White "Abildgaard, Kenneth"]
[Black "Gjelstrup, Ole"]
[Result "1-0"]
[WhiteElo "1939"]
[BlackElo "1551"]
[PlyCount "71"]
[EventDate "2010.??.??"]

1. e4 e5 2. Nf3 d6 3. Nc3 Nf6 4. Bc4 Be7 5. h3 O-O 6. d4 exd4 7. Nxd4 Bd7 8.
Nf5 Nc6 9. Be3 Re8 10. g4 Bf8 11. f3 a6 12. a4 Nb4 13. Qd2 Be6 14. Be2 c5 15.
O-O-O d5 16. Nxd5 Nbxd5 17. exd5 Nxd5 18. Bg5 Qb6 19. Bc4 Nb4 20. Bxe6 Qxe6 21.
c3 f6 22. cxb4 fxg5 23. bxc5 Qc4+ 24. Qc2 Qf4+ 25. Kb1 Qxf3 26. Rhf1 Qe4 27.
Nd6 Qxc2+ 28. Kxc2 Bxd6 29. Rxd6 Rac8 30. Rf5 Re2+ 31. Kc3 h6 32. b4 Re7 33.
Kd4 Rf7 34. Rxf7 Kxf7 35. Rd7+ Kf6 36. Rxb7 1-0

[Event "K41 Aabent Mesterskab 2010-2011"]
[Site "Valby"]
[Date "2010.11.03"]
[Round "1"]
[White "Andreassen, Mikkel"]
[Black "Nielsen, Michael"]
[Result "0-1"]
[WhiteElo "1726"]
[BlackElo "2062"]
[PlyCount "64"]
[EventDate "2010.??.??"]

1. d4 Nf6 2. c4 c5 3. d5 b5 4. cxb5 a6 5. Nc3 axb5 6. Nxb5 Ba6 7. Nc3 d6 8. Nf3
g6 9. g3 Bg7 10. Bg2 O-O 11. O-O Nbd7 12. Qc2 Ng4 13. Re1 Qb6 14. h3 Nge5 15.
b3 Rab8 16. Na4 Nxf3+ 17. exf3 Qa7 18. Bb2 Nf6 19. Red1 Rfc8 20. Bf1 Bxf1 21.
Kxf1 c4 22. Bd4 Qd7 23. bxc4 Rb4 24. Nb6 Qxh3+ 25. Kg1 Rb8 26. Rab1 Rxb1 27.
Rxb1 Ng4 28. fxg4 Bxd4 29. Qd3 Rxb6 30. Rxb6 Bxb6 31. Qb3 Bc5 32. a4 Qxg4 0-1

[Event "K41 Aabent Mesterskab 2010-2011"]
[Site "Valby"]
[Date "2010.11.03"]
[Round "1"]
[White "Christensen, Aage Niels"]
[Black "Hansen, Rasmus Agertoft"]
[Result "1/2-1/2"]
[WhiteElo "1461"]
[BlackElo "1832"]
[PlyCount "74"]
[EventDate "2010.??.??"]

1. e4 e6 2. d4 d5 3. Nc3 Bb4 4. e5 c5 5. a3 Ba5 6. Nf3 Nc6 7. Be3 Nge7 8. Qd2
Nf5 9. Bb5 Bd7 10. O-O Nxe5 11. Bxd7+ Nxd7 12. dxc5 Bxc3 13. Qxc3 Nf6 14. Bg5
Ne4 15. Bxd8 Nxc3 16. Bg5 Ne4 17. b4 f6 18. Bc1 e5 19. Re1 O-O-O 20. Bb2 h6 21.
Rad1 Ng5 22. Nxe5 fxe5 23. Rxe5 Nh4 24. Rexd5 Rxd5 25. Rxd5 Re8 26. Kf1 Ne4 27.
f3 Nf6 28. Bxf6 gxf6 29. Kf2 Ng6 30. Rd6 Rf8 31. a4 Ne7 32. b5 Kc7 33. Rd4 Nf5
34. Rd5 Ne7 35. Rd4 Rc8 36. Rd6 Rf8 37. Rd4 Rc8 1/2-1/2

[Event "K41 Aabent Mesterskab 2010-2011"]
[Site "Valby"]
[Date "2010.11.08"]
[Round "1"]
[White "Hansen, Jakob"]
[Black "Eiholt, Bjarne"]
[Result "1-0"]
[WhiteElo "1895"]
[BlackElo "1516"]
[PlyCount "49"]
[EventDate "2010.??.??"]

1. e4 c6 2. d4 d5 3. Nc3 dxe4 4. Nxe4 Bf5 5. Ng3 Bg6 6. h4 h6 7. Nf3 Nd7 8. h5
Bh7 9. Bd3 Bxd3 10. Qxd3 Ngf6 11. Bd2 e6 12. O-O-O Be7 13. Ne4 Nxe4 14. Qxe4
Nf6 15. Qe2 Qd5 16. c4 Qe4 17. Qf1 O-O 18. Re1 Qh7 19. Ne5 Rfd8 20. Be3 Rac8
21. Qe2 Nd5 22. Bd2 Nf6 23. Nxf7 Rf8 24. Qxe6 Rxf7 25. Qxc8+ 1-0

[Event "K41 Aabent Mesterskab 2010-2011"]
[Site "Valby"]
[Date "2010.11.03"]
[Round "1"]
[White "Hojland, Ulrik"]
[Black "Wadtland, Flemming"]
[Result "0-1"]
[WhiteElo "1813"]
[BlackElo "1324"]
[PlyCount "58"]
[EventDate "2010.??.??"]

1. e4 d6 2. d4 Nf6 3. Nc3 g6 4. Nf3 Bg7 5. Be2 O-O 6. O-O c5 7. Be3 cxd4 8.
Nxd4 a6 9. f4 Nbd7 10. Qd2 Re8 11. Nf3 Ng4 12. Rad1 Nxe3 13. Qxe3 Qb6 14. Qxb6
Nxb6 15. e5 dxe5 16. Nxe5 Be6 17. b3 Rac8 18. Rf3 f6 19. Nc4 Nxc4 20. Bxc4 Bxc4
21. bxc4 Rxc4 22. Rd2 f5 23. Nd5 Rd4 24. Rfd3 e5 25. fxe5 Rxd3 26. cxd3 Rxe5
27. Nc7 Re7 28. Nd5 Rd7 29. Nb6 Bd4+ 0-1

[Event "K41 Aabent Mesterskab 2010-2011"]
[Site "Valby"]
[Date "2011.11.03"]
[Round "1"]
[White "Jorgensen, Kasper Moller"]
[Black "Karup, Jesper"]
[Result "1-0"]
[WhiteElo "2049"]
[BlackElo "1774"]
[PlyCount "41"]
[EventDate "2010.??.??"]

1. e4 c5 2. Nf3 d6 3. d4 cxd4 4. Nxd4 Nf6 5. Nc3 a6 6. Bg5 e6 7. f4 Qb6 8. Qd2
Qxb2 9. Rb1 Qa3 10. Bxf6 gxf6 11. Be2 h5 12. O-O Nc6 13. Nxc6 bxc6 14. Kh1 Qa5
15. Rf3 h4 16. Qd4 Be7 17. Qc4 Qc7 18. Na4 Bb7 19. Rfb3 Rb8 20. Qc3 Kd7 21. Qb2
1-0

[Event "K41 Aabent Mesterskab 2010-2011"]
[Site "Valby"]
[Date "2010.11.03"]
[Round "1"]
[White "Jorgensen, Rasmus"]
[Black "Moller, Arne Vagn"]
[Result "1-0"]
[WhiteElo "2075"]
[BlackElo "1793"]
[PlyCount "63"]
[EventDate "2010.??.??"]

1. e4 c5 2. Nc3 d6 3. f4 e6 4. Nf3 Be7 5. Be2 Nf6 6. O-O O-O 7. d3 Nc6 8. Qe1
a6 9. Qg3 b5 10. e5 Nd5 11. Ne4 Nd4 12. Nxd4 cxd4 13. c4 bxc4 14. dxc4 f5 15.
Nxd6 Bxd6 16. cxd5 Bc5 17. Kh1 exd5 18. b3 a5 19. Bb2 Be6 20. Rac1 Qb6 21. a4
Bd7 22. Rc2 Rab8 23. Rf3 Rb7 24. Rd3 Rfb8 25. Bf3 Be6 26. Rcd2 Qa6 27. Be2 Qc6
28. Rc2 Qb6 29. Bd1 Qa6 30. Rxc5 Rxb3 31. Bxb3 Rxb3 32. Rb5 1-0

[Event "K41 Aabent Mesterskab 2010-2011"]
[Site "Valby"]
[Date "2010.11.03"]
[Round "1"]
[White "Krogh, Soren"]
[Black "Kokholm, Daniel"]
[Result "0-1"]
[WhiteElo "1274"]
[BlackElo "1808"]
[PlyCount "62"]
[EventDate "2010.??.??"]

1. Nf3 f5 2. c4 d6 3. Nc3 e5 4. d3 Nf6 5. g3 c6 6. Bg2 Be7 7. O-O h6 8. Rb1 a5
9. a3 Be6 10. b4 axb4 11. axb4 Qd7 12. Na4 Bd8 13. Bd2 c5 14. b5 Ra7 15. h4 O-O
16. Nh2 f4 17. Re1 fxg3 18. fxg3 Nh5 19. Nf1 Qf7 20. Bf3 Qg6 21. Kh2 Rxf3 22.
exf3 Qxd3 23. b6 Ra6 24. Nb2 Qg6 25. Be3 Be7 26. Qb3 Nd7 27. Na4 e4 28. Bf2 Ne5
29. Nd2 exf3 30. Kg1 Nxg3 31. Re3 Ne4+ 0-1

[Event "K41 Aabent Mesterskab 2010-2011"]
[Site "Valby"]
[Date "2010.11.03"]
[Round "1"]
[White "Morkore, Thomas"]
[Black "Porte, Henrik"]
[Result "0-1"]
[WhiteElo "1897"]
[BlackElo "2105"]
[PlyCount "92"]
[EventDate "2010.??.??"]

1. d4 d5 2. Bf4 c6 3. e3 Nf6 4. c4 e6 5. Nc3 Bb4 6. Qb3 Bxc3+ 7. bxc3 O-O 8.
Nf3 Ne4 9. Bd3 f5 10. h3 Nd7 11. cxd5 exd5 12. O-O Qb6 13. c4 Ndf6 14. Qxb6
axb6 15. Bc7 Be6 16. Bxe4 Nxe4 17. cxd5 Bxd5 18. Bxb6 Ra6 19. Rfb1 Rfa8 20. Ne5
Rxa2 21. Rxa2 Rxa2 22. f3 Nc3 23. Re1 Ra6 24. Bc5 b5 25. Nd3 Ra8 26. Bb4 Na2
27. Bc5 Re8 28. Kf2 Nc3 29. Rc1 Na4 30. Bb4 g6 31. Ba3 Nb6 32. Bc5 Nc4 33. Re1
Kf7 34. Re2 Kf6 35. Nb2 Na5 36. Nd3 Bc4 37. Rd2 Nb3 38. Rd1 Nxc5 39. Nxc5 Ra8
40. Rd2 Ra1 41. e4 f4 42. g4 Ra3 43. d5 cxd5 44. exd5 Ra2 45. Rxa2 Bxa2 46. Nd3
g5 0-1

[Event "K41 Aabent Mesterskab 2010-2011"]
[Site "Valby"]
[Date "2010.11.03"]
[Round "1"]
[White "Nicolaisen, Jeppe"]
[Black "Ibsen, Johan"]
[Result "1-0"]
[WhiteElo "2004"]
[BlackElo "1610"]
[PlyCount "69"]
[EventDate "2010.??.??"]

1. d4 e6 2. Nf3 f5 3. h3 Nf6 4. g4 d5 5. gxf5 exf5 6. Rg1 Nc6 7. a3 Be6 8. Qd3
g6 9. Nc3 Bg7 10. Bg5 Qd7 11. Bxf6 Bxf6 12. O-O-O O-O-O 13. e3 Kb8 14. Ne2 Na5
15. Nd2 Nc4 16. Nxc4 dxc4 17. Qd2 Rhe8 18. Qb4 Be7 19. Qc3 g5 20. Bg2 Bf6 21.
Qb4 c6 22. Nc3 Be7 23. Qa4 Qc7 24. d5 cxd5 25. Bxd5 Bd7 26. Qxc4 Qa5 27. Qb3
Qa6 28. Bc4 Qc6 29. Bb5 Qc8 30. Bxd7 Rxd7 31. Rxd7 Qxd7 32. Rd1 Qc6 33. Qd5 Qc8
34. Qe5+ Ka8 35. Nd5 1-0

[Event "K41 Aabent Mesterskab 2010-2011"]
[Site "Valby"]
[Date "2010.03.11"]
[Round "1"]
[White "Nielsen, John Holm"]
[Black "Rasmussen, Morten(1956)"]
[Result "1-0"]
[WhiteElo "2019"]
[BlackElo "1707"]
[PlyCount "131"]
[EventDate "2010.??.??"]

1. Nc3 c5 2. Nf3 Nc6 3. d4 cxd4 4. Nxd4 Nf6 5. e4 e5 6. Nb3 Bb4 7. Bd3 d5 8.
Nd2 Bxc3 9. bxc3 O-O 10. O-O Qc7 11. c4 dxe4 12. Nxe4 Nxe4 13. Bxe4 Be6 14. c5
Rad8 15. Qh5 f5 16. Bd3 Nb4 17. Bg5 Rd4 18. c3 Rxd3 19. cxb4 Rd4 20. a3 Rg4 21.
Bc1 Bc4 22. f3 Rd4 23. Re1 e4 24. Be3 Rd5 25. fxe4 fxe4 26. Qh4 Bd3 27. Rac1
Rdf5 28. h3 Qf7 29. Kh2 a6 30. Qg3 Qa2 31. c6 bxc6 32. Rxc6 R5f7 33. Rc7 Rxc7
34. Qxc7 Bf1 35. Qg3 Bd3 36. Bd4 Qf7 37. Rc1 Qf4 38. Rc7 Qxg3+ 39. Kxg3 Rf7 40.
Rc6 Bb5 41. Re6 Bd3 42. Bc5 h6 43. a4 Rf6 44. Rxf6 gxf6 45. Kf4 Kf7 46. g4 Ke6
47. Bf8 Kf7 48. Bxh6 Kg6 49. Bf8 Kf7 50. Bc5 Kg6 51. h4 Kf7 52. b5 axb5 53. a5
b4 54. Bxb4 Kg6 55. Bc3 Kf7 56. Bd4 Kg6 57. Be3 Kg7 58. Kf5 Kf7 59. h5 Kg7 60.
h6+ Kf7 61. h7 Kg7 62. h8=Q+ Kxh8 63. Kxf6 Kg8 64. Ke7 Be2 65. g5 Kg7 66. Kd6
1-0

[Event "K41 Aabent Mesterskab 2010-2011"]
[Site "Valby"]
[Date "2010.11.03"]
[Round "1"]
[White "Nielsen, Soren Skovso"]
[Black "Christensen, Esben"]
[Result "0-1"]
[WhiteElo "1641"]
[BlackElo "2018"]
[PlyCount "104"]
[EventDate "2010.??.??"]

1. e4 c5 2. Nf3 e6 3. d4 cxd4 4. Nxd4 Nf6 5. Nc3 d6 6. Bd3 a6 7. Be3 Qc7 8. f3
b5 9. a3 Be7 10. O-O O-O 11. Qd2 Bb7 12. Qf2 d5 13. Nb3 Nbd7 14. exd5 Nxd5 15.
Nxd5 Bxd5 16. Be4 Bxe4 17. fxe4 Bd6 18. h3 Rac8 19. c3 Rfd8 20. Qxf7+ Kh8 21.
Qxe6 Re8 22. Qf5 Nf6 23. Bf4 Nxe4 24. Bxd6 Qxd6 25. Rad1 Qb6+ 26. Kh2 Qb8+ 27.
Qf4 Qb7 28. Rde1 h6 29. Nd2 Nf6 30. Re5 Rxe5 31. Qxe5 Re8 32. Qf5 Re2 33. Rf2
Qc7+ 34. Kh1 Re1+ 35. Rf1 Re2 36. Rf2 Re5 37. Qb1 Qe7 38. Nf3 Ne4 39. Nxe5
Nxf2+ 40. Kg1 Nxh3+ 41. gxh3 Qxe5 42. Qf1 a5 43. Qf8+ Kh7 44. Qf2 a4 45. Qc2+
Kg8 46. b3 Qg3+ 47. Kf1 Qxh3+ 48. Ke1 Qh1+ 49. Kd2 Qh2+ 50. Kc1 Qxc2+ 51. Kxc2
axb3+ 52. Kxb3 h5 0-1

[Event "K41 Aabent Mesterskab 2010-2011"]
[Site "Valby"]
[Date "2010.11.03"]
[Round "1"]
[White "Sandbech, Ted"]
[Black "Sorensen, Dick"]
[Result "0-1"]
[WhiteElo "1589"]
[BlackElo "1917"]
[PlyCount "92"]
[EventDate "2010.??.??"]

1. Nf3 c5 2. e4 e6 3. d4 cxd4 4. Qxd4 Nc6 5. Qd1 d6 6. Nc3 Nf6 7. Bd3 Be7 8.
O-O O-O 9. Bg5 a6 10. Qe2 Qc7 11. Rfe1 b5 12. a3 Bb7 13. Nd1 Rfd8 14. c3 Na5
15. Bc2 Nc4 16. Nd2 Nxd2 17. Bxd2 Rac8 18. Qe3 Ne8 19. Qh3 g6 20. Ne3 d5 21.
exd5 Bxd5 22. Rad1 Nf6 23. Nxd5 Rxd5 24. g3 Rcd8 25. Bf4 Qc4 26. Qf1 Qxf1+ 27.
Rxf1 Kg7 28. Rxd5 Nxd5 29. Be5+ f6 30. Bd4 e5 31. Be3 Nxe3 32. fxe3 Bc5 33. Rd1
Bxe3+ 34. Kf1 Rxd1+ 35. Bxd1 Bc1 36. a4 Bxb2 37. axb5 axb5 38. Be2 Bxc3 39.
Bxb5 f5 40. h3 Kf6 41. Kf2 Bd4+ 42. Kf3 e4+ 43. Ke2 g5 44. Bd7 h6 45. g4 f4 46.
Bb5 Ke5 0-1

[Event "K41 Aabent Mesterskab 2010-2011"]
[Site "Valby"]
[Date "2010.03.11"]
[Round "1"]
[White "Stanislaus, Johann"]
[Black "Ertbjerg, Per"]
[Result "0-1"]
[WhiteElo "1591"]
[BlackElo "1925"]
[PlyCount "70"]
[EventDate "2010.??.??"]

1. d4 Nf6 2. c4 g6 3. Nc3 d5 4. cxd5 Nxd5 5. e4 Nxc3 6. bxc3 Bg7 7. Be3 c5 8.
Bb5+ Bd7 9. Bxd7+ Qxd7 10. Ne2 O-O 11. dxc5 Qg4 12. Ng3 Bxc3+ 13. Bd2 Bxd2+ 14.
Qxd2 Nc6 15. O-O Rfd8 16. Qc3 e5 17. Rab1 Rd7 18. f3 Qg5 19. Rf2 Rad8 20. Nf1
h5 21. Rbb2 h4 22. h3 a5 23. Qe3 Qe7 24. Rfd2 Nd4 25. Qc3 Rc8 26. Qxa5 Rxc5 27.
Qa4 b5 28. Qb4 Rdc7 29. Kf2 Qg5 30. Qa3 Rc3 31. Qa8+ Rc8 32. Qa5 Nc2 33. Rxb5
Ne3 34. g4 Nxf1 35. Re2 Qc1 0-1

[Event "K41 Aabent Mesterskab 2010-2011"]
[Site "Valby"]
[Date "2010.11.03"]
[Round "1"]
[White "Truelsen, Ole Illum"]
[Black "Brondum, Eric"]
[Result "0-1"]
[WhiteElo "1761"]
[BlackElo "2028"]
[PlyCount "48"]
[EventDate "2010.??.??"]

1. c4 e5 2. Nc3 Nf6 3. g3 d5 4. cxd5 Nxd5 5. Bg2 Nb6 6. e3 Nc6 7. a3 Be6 8.
Nge2 Qd7 9. O-O Bh3 10. Qc2 Bxg2 11. Kxg2 Bd6 12. d4 O-O 13. d5 Ne7 14. e4 f5
15. f4 Rae8 16. Qb3 Kh8 17. Be3 fxe4 18. Bxb6 exf4 19. Nxe4 Ng6 20. N2c3 axb6
21. Rae1 fxg3 22. Rxf8+ Rxf8 23. hxg3 Nh4+ 24. gxh4 Qg4+ 0-1

[Event "K41 Aabent Mesterskab 2010-2011"]
[Site "Valby"]
[Date "2010.11.16"]
[Round "2"]
[White "Brondum, Eric"]
[Black "Hansen, Jakob"]
[Result "1/2-1/2"]
[WhiteElo "2028"]
[BlackElo "1895"]
[PlyCount "68"]
[EventDate "2010.??.??"]

1. b3 e5 2. Bb2 Nc6 3. e3 d6 4. g3 Be6 5. Bg2 Qd7 6. d4 exd4 7. exd4 d5 8. Nf3
f6 9. O-O O-O-O 10. Re1 g5 11. a3 Nge7 12. b4 Ng6 13. b5 Nce7 14. a4 Kb8 15.
Nc3 h5 16. a5 Nc8 17. Ba3 Bxa3 18. Rxa3 h4 19. Na4 b6 20. axb6 cxb6 21. Nb2
hxg3 22. hxg3 Bh3 23. Bh1 Bg4 24. Bg2 Rh6 25. Nd3 Qh7 26. Nxg5 Qd7 27. Nf3 Qh7
28. Ng5 Qd7 29. Nf3 Rdh8 30. Nb4 Bh3 31. Nc6+ Kb7 32. Bh1 Bg4 33. Bg2 Bh3 34.
Bh1 Bg4 1/2-1/2

[Event "K41 Aabent Mesterskab 2010-2011"]
[Site "Valby"]
[Date "2010.11.16"]
[Round "2"]
[White "Christensen, Esben"]
[Black "Wadtland, Flemming"]
[Result "1-0"]
[WhiteElo "2018"]
[BlackElo "1324"]
[PlyCount "69"]
[EventDate "2010.??.??"]

1. e4 e5 2. Nf3 d6 3. Bc4 Be7 4. c3 Nf6 5. d3 Bg4 6. O-O O-O 7. Nbd2 Re8 8. h3
Bxf3 9. Nxf3 h6 10. Qb3 Rf8 11. Qxb7 Nbd7 12. Qb3 Nb6 13. Ba6 Rb8 14. Qc2 Nh7
15. d4 Bf6 16. Be3 g5 17. Rad1 Re8 18. dxe5 Bxe5 19. Nxe5 Rxe5 20. Bd3 f6 21.
f4 Re7 22. e5 fxe5 23. Bxh7+ Rxh7 24. fxe5 Qe7 25. Qg6+ Rg7 26. Qxh6 dxe5 27.
Rf5 Rd8 28. Rxd8+ Qxd8 29. Qe6+ Kh7 30. Rf6 Qd1+ 31. Kh2 Qh5 32. Qxe5 Kg8 33.
Qe6+ Rf7 34. Rg6+ Kf8 35. Bc5+ 1-0

[Event "K41 Aabent Mesterskab 2010-2011"]
[Site "Valby"]
[Date "2010.11.16"]
[Round "2"]
[White "Eiholt, Bjarne"]
[Black "Nielsen, Soren Skovso"]
[Result "0-1"]
[WhiteElo "1516"]
[BlackElo "1641"]
[PlyCount "100"]
[EventDate "2010.??.??"]

1. d4 Nf6 2. c4 e6 3. Nc3 Bb4 4. Qc2 d5 5. cxd5 Nxd5 6. e4 Nb6 7. Nf3 O-O 8.
Bg5 Be7 9. Bxe7 Qxe7 10. Bd3 c5 11. O-O Nc6 12. dxc5 Nb4 13. Qe2 Nxd3 14. Qxd3
Qxc5 15. Rac1 Qa5 16. a3 Bd7 17. Nd4 Rad8 18. Qe2 Na4 19. Ncb5 e5 20. Nd6 Qb6
21. N4f5 Nc5 22. Nc4 Qe6 23. Nd2 Qf6 24. Rxc5 Qb6 25. b4 a6 26. Rfc1 Qf6 27.
R5c3 Rfe8 28. Rf3 Qb6 29. Rg3 Qf6 30. Rxg7+ Kh8 31. Qh5 Bxf5 32. exf5 Qxg7 33.
Ne4 Rg8 34. g3 Qg4 35. Qxf7 Rgf8 36. f3 Qxf3 37. Qxb7 Qe3+ 38. Kg2 Qxc1 39. f6
Qh6 40. Qxa6 Ra8 41. Qd6 Rxa3 42. Qxe5 Ra2+ 43. Kf3 Ra3+ 44. Kg2 Ra2+ 45. Kf3
Raa8 46. b5 Rae8 47. Qd4 Rxe4 48. Qxe4 Qxf6+ 49. Kg2 Qf2+ 50. Kh3 Qf5+ 0-1

[Event "K41 Aabent Mesterskab 2010-2011"]
[Site "Valby"]
[Date "2010.11.16"]
[Round "2"]
[White "Ertbjerg, Per"]
[Black "Jorgensen, Rasmus"]
[Result "1-0"]
[WhiteElo "1925"]
[BlackElo "2075"]
[PlyCount "65"]
[EventDate "2010.??.??"]

1. d4 Nf6 2. c4 g6 3. Nc3 Bg7 4. e4 d6 5. f3 O-O 6. Be3 c5 7. d5 Qa5 8. Qd2
Nbd7 9. Bd3 Ne5 10. Nge2 Bd7 11. O-O a6 12. Ng3 b5 13. cxb5 axb5 14. Rfd1 h5
15. h4 b4 16. Nce2 Nxd3 17. Qxd3 Bb5 18. Qd2 Ra6 19. e5 dxe5 20. Ne4 Nxe4 21.
fxe4 Bf6 22. g3 Bd7 23. b3 Qb5 24. Rdc1 Rc8 25. Rc4 Bg4 26. Nc1 e6 27. d6 Rcc6
28. Qf2 Rxd6 29. Qxf6 Rd1+ 30. Kg2 Rad6 31. Ne2 R6d2 32. Rxd1 Rxe2+ 33. Kg1 1-0

[Event "K41 Aabent Mesterskab 2010-2011"]
[Site "Valby"]
[Date "2010.11.16"]
[Round "2"]
[White "Gjelstrup, Ole"]
[Black "Andreassen, Mikkel"]
[Result "1-0"]
[WhiteElo "1551"]
[BlackElo "1726"]
[PlyCount "63"]
[EventDate "2010.??.??"]

1. e4 e5 2. Nc3 Nf6 3. f4 d5 4. fxe5 Nxe4 5. Qf3 Nxc3 6. bxc3 c5 7. d4 Nc6 8.
Ne2 Be7 9. g3 O-O 10. Bg2 Be6 11. O-O Qd7 12. Be3 cxd4 13. Bxd4 f6 14. exf6
Bxf6 15. Qd3 Bg5 16. Be3 Ne5 17. Qd4 Bf6 18. Rxf6 gxf6 19. Nf4 Nc6 20. Qd2 Rad8
21. Rf1 d4 22. cxd4 Bxa2 23. d5 Ne5 24. Ne6 Nc4 25. Qd4 Nxe3 26. Qxe3 Rfe8 27.
Rxf6 Bxd5 28. Qg5+ Kh8 29. Qe5 Kg8 30. Bxd5 Qxd5 31. Rg6+ hxg6 32. Qg7# 1-0

[Event "K41 Aabent Mesterskab 2010-2011"]
[Site "Valby"]
[Date "2010.11.16"]
[Round "2"]
[White "Hansen, Rasmus Agertoft"]
[Black "Morkore, Thomas"]
[Result "1-0"]
[WhiteElo "1832"]
[BlackElo "1897"]
[PlyCount "81"]
[EventDate "2010.??.??"]

1. d4 e6 2. c4 Nf6 3. Nc3 Bb4 4. e3 b6 5. Nge2 Ba6 6. Ng3 Bxc3+ 7. bxc3 d5 8.
Ba3 Bxc4 9. Bxc4 dxc4 10. Qa4+ Qd7 11. Qxc4 Qc6 12. Qd3 Qxg2 13. e4 Nbd7 14.
Qe2 Qh3 15. O-O-O O-O-O 16. Qa6+ Kb8 17. f4 Nxe4 18. Nxe4 Qe3+ 19. Nd2 Qxc3+
20. Kb1 Qxd4 21. Nc4 Qxf4 22. Nd6 Nc5 23. Bxc5 cxd6 24. Ba3 d5 25. Ka1 f6 26.
Rb1 Qc7 27. Rhc1 Qb7 28. Qe2 e5 29. Rb5 Rc8 30. Rcb1 Rhd8 31. Qd3 g6 32. Qf3 f5
33. Qe3 Qc7 34. Rxb6+ Ka8 35. Rb7 Qc3+ 36. Qxc3 Rxc3 37. Bd6 Rc1 38. Bxe5 d4
39. Rxa7+ Kxa7 40. Rxc1 Kb6 41. Bc7+ 1-0

[Event "K41 Aabent Mesterskab 2010-2011"]
[Site "Valby"]
[Date "2010.11.16"]
[Round "2"]
[White "Hojland, Ulrik"]
[Black "Christensen, Aage Niels"]
[Result "1-0"]
[WhiteElo "1813"]
[BlackElo "1461"]
[PlyCount "73"]
[EventDate "2010.??.??"]

1. c4 Nf6 2. g3 c6 3. Bg2 d5 4. cxd5 cxd5 5. Nf3 Nc6 6. d4 Bf5 7. Nc3 e6 8. O-O
h6 9. Re1 Be7 10. Qb3 O-O 11. Bf4 Na5 12. Qd1 Nc4 13. Qc1 Rc8 14. Nd2 Nxd2 15.
Qxd2 Bb4 16. f3 a6 17. g4 Bh7 18. g5 Nh5 19. Be3 hxg5 20. Bxg5 f6 21. Bh4 g5
22. Bf2 Nf4 23. Bf1 Bf5 24. e4 dxe4 25. fxe4 Bg4 26. Be3 Nh3+ 27. Bxh3 Bxh3 28.
Kh1 Qd7 29. Rg1 g4 30. Bh6 Rf7 31. Qe3 Bf8 32. Qxh3 Bxh6 33. Qxh6 Rg7 34. Qxf6
Rf8 35. Qe5 Qf7 36. Qg3 Qh5 37. Raf1 1-0

[Event "K41 Aabent Mesterskab 2010-2011"]
[Site "Valby"]
[Date "2010.11.16"]
[Round "2"]
[White "Ibsen, Johan"]
[Black "Truelsen, Ole Illum"]
[Result "1/2-1/2"]
[WhiteElo "1610"]
[BlackElo "1761"]
[PlyCount "34"]
[EventDate "2010.??.??"]

1. d4 e6 2. c4 f5 3. g3 Nf6 4. Bg2 d5 5. Nh3 c6 6. O-O Bd6 7. Bf4 O-O 8. Nd2
Qe7 9. Bxd6 Qxd6 10. c5 Qe7 11. f4 Bd7 12. Nf2 Be8 13. Nf3 Bh5 14. Ne5 Nbd7 15.
Nfd3 Ne4 16. Nxd7 Qxd7 17. Ne5 Qc7 1/2-1/2

[Event "K41 Aabent Mesterskab 2010-2011"]
[Site "Valby"]
[Date "2010.11.16"]
[Round "2"]
[White "Karup, Jesper"]
[Black "Sandbech, Ted"]
[Result "1-0"]
[WhiteElo "1774"]
[BlackElo "1589"]
[PlyCount "57"]
[EventDate "2010.??.??"]

1. e4 d5 2. exd5 Qxd5 3. Nc3 Qa5 4. d4 c6 5. Nf3 Bg4 6. h3 Bh5 7. g4 Bg6 8. Ne5
Nf6 9. h4 Be4 10. Nc4 Qc7 11. Nxe4 Nxe4 12. Qf3 Nd6 13. Bf4 Nd7 14. O-O-O O-O-O
15. Bg2 f6 16. Rhe1 Nb6 17. Ne3 Kb8 18. c4 g5 19. hxg5 fxg5 20. Be5 Rg8 21. c5
Na4 22. Nf5 Qa5 23. cxd6 exd6 24. Bf6 Rc8 25. Ne7 Bxe7 26. Bxe7 d5 27. Kb1 Ka8
28. Qa3 Qb5 29. Bf1 1-0

[Event "K41 Aabent Mesterskab 2010-2011"]
[Site "Valby"]
[Date "2010.11.16"]
[Round "2"]
[White "Kokholm, Daniel"]
[Black "Nielsen, John Holm"]
[Result "1/2-1/2"]
[WhiteElo "1808"]
[BlackElo "2019"]
[PlyCount "99"]
[EventDate "2010.??.??"]

1. d4 d5 2. e4 c6 3. e5 Bf5 4. Nc3 e6 5. g4 Bg6 6. Nge2 Nd7 7. h4 h6 8. Nf4 Bh7
9. Be3 Be7 10. g5 Bf5 11. gxh6 Nxh6 12. h5 Qc7 13. Rg1 Bf8 14. Qd2 O-O-O 15.
O-O-O f6 16. exf6 gxf6 17. Bd3 Re8 18. Ng6 Bxg6 19. Rxg6 Nf7 20. h6 e5 21. Bf5
Kb8 22. Rdg1 exd4 23. Qxd4 Bc5 24. Qf4 Bxe3+ 25. fxe3 Qxf4 26. exf4 Nc5 27. h7
Ne6 28. Rg8 Nc7 29. R1g7 Nh6 30. Rxh8 Rxh8 31. Ne2 Ne8 32. Rg6 Nxf5 33. Rg8
Rxh7 34. Rxe8+ Kc7 35. Kd2 Re7 36. Rf8 Nd6 37. Ng3 Ne4+ 38. Nxe4 dxe4 39. Rxf6
Kd7 40. Ke3 b6 41. c4 c5 42. Rf5 Kc6 43. Re5 Rh7 44. Kxe4 Kd6 45. Rd5+ Ke7 46.
Rd2 Rh6 47. Re2 Kf6 48. a3 Rh7 49. Kf3 Rd7 50. Ke3 1/2-1/2

[Event "K41 Aabent Mesterskab 2010-2011"]
[Site "Valby"]
[Date "2010.11.16"]
[Round "2"]
[White "Nielsen, Michael"]
[Black "Abildgaard, Kenneth"]
[Result "1-0"]
[WhiteElo "2062"]
[BlackElo "1939"]
[PlyCount "77"]
[EventDate "2010.??.??"]

1. d4 d6 2. c4 Nf6 3. Nc3 Bf5 4. f3 Nbd7 5. e4 Bg6 6. Bd3 e6 7. Nge2 c5 8. d5
Ne5 9. Nf4 exd5 10. cxd5 a6 11. O-O Be7 12. a4 O-O 13. a5 Nfd7 14. Be2 Rc8 15.
Bd2 f5 16. Ne6 Qe8 17. f4 Nf7 18. exf5 Bxf5 19. g4 Bxe6 20. dxe6 Nb8 21. exf7+
Rxf7 22. Bc4 Nc6 23. Qb3 Nd4 24. Bxf7+ Qxf7 25. Qxf7+ Kxf7 26. Nd5 Bh4 27. Bc3
Ne2+ 28. Kg2 Ke6 29. Kh3 Kxd5 30. Kxh4 Nxc3 31. bxc3 Kc4 32. Rf3 Re8 33. Rb1
Re2 34. Rxb7 Rxh2+ 35. Kg3 Rc2 36. Rxg7 d5 37. f5 Rxc3 38. Rxc3+ Kxc3 39. f6
1-0

[Event "K41 Aabent Mesterskab 2010-2011"]
[Site "Valby"]
[Date "2010.11.16"]
[Round "2"]
[White "Porte, Henrik"]
[Black "Nicolaisen, Jeppe"]
[Result "1-0"]
[WhiteElo "2105"]
[BlackElo "2004"]
[PlyCount "83"]
[EventDate "2010.??.??"]

1. d4 d5 2. c4 c6 3. Nf3 Nf6 4. Nc3 dxc4 5. a4 Bf5 6. Ne5 Nbd7 7. Nxc4 Nb6 8.
Ne5 a5 9. f3 Nfd7 10. Nxd7 Nxd7 11. e4 Bg6 12. Be3 Qb6 13. Qd2 e5 14. Rd1 O-O-O
15. Be2 exd4 16. Bxd4 Bc5 17. Qe3 Bxd4 18. Rxd4 Nc5 19. O-O Nxa4 20. Rxd8+ Rxd8
21. Qxb6 Nxb6 22. f4 f6 23. Rb1 Rd4 24. f5 Bf7 25. Kf2 Nc4 26. Ra1 b6 27. Ra4
Rd2 28. Ke1 Rd4 29. b3 b5 30. Ra2 Ne3 31. Kf2 Bxb3 32. Kxe3 Bxa2 33. Kxd4 Bf7
34. Kc5 a4 35. Kxc6 a3 36. Bxb5 a2 37. Nxa2 Bxa2 38. Kd6 Kd8 39. Bc6 Bc4 40. h4
Bf1 41. Ke6 Bxg2 42. Kf7 1-0

[Event "K41 Aabent Mesterskab 2010-2011"]
[Site "Valby"]
[Date "2010.11.16"]
[Round "2"]
[White "Rasmussen, Morten(1956)"]
[Black "Krogh, Soren"]
[Result "1-0"]
[WhiteElo "1707"]
[BlackElo "1274"]
[PlyCount "79"]
[EventDate "2010.??.??"]

1. d4 e6 2. c4 b6 3. Nc3 Bb7 4. Nf3 Bb4 5. Qc2 f5 6. a3 Be7 7. e4 fxe4 8. Nxe4
Nf6 9. Bd3 Nxe4 10. Bxe4 Bxe4 11. Qxe4 c6 12. h4 Na6 13. Ng5 Bxg5 14. hxg5 g6
15. Bf4 O-O 16. O-O-O Nc7 17. Rh6 Rf5 18. Rdh1 Rf7 19. Bd6 Ne8 20. Bf4 Qe7 21.
Qe3 d5 22. Be5 Rd8 23. f4 Rd7 24. Qd3 Kf8 25. Qxg6 Qd8 26. Rxh7 Rxh7 27. Rxh7
Rxh7 28. Qxh7 Qe7 29. g6 Nf6 30. Bd6 Nxh7 31. Bxe7+ Kg7 32. gxh7 Kxh7 33. cxd5
cxd5 34. Kd2 Kg6 35. b4 Kf5 36. Ke3 Kg4 37. b5 Kf5 38. Bd6 Kg4 39. Bb8 a5 40.
bxa6 1-0